| 000 | 00340nam a2200133Ia 4500 | ||
|---|---|---|---|
| 008 | 240624s9999 xx 000 0 und d | ||
| 041 | _aeng | ||
| 082 | _a823 LOV | ||
| 100 | _aLOVINS L HUNTER | ||
| 245 | _aWAY OUT KICK STARTING CAPITALISM TO SAVE | ||
| 260 |
_c2012 _aNew York _bHill and Wang |
||
| 300 | _a390p. ; 20cm. | ||
| 365 |
_cRS _b25 |
||
| 999 |
_c20030 _d20030 |
||